The Lumineers - Darlene Lyrics - Statistics

General Stats
  • This quiz has been taken 9 times
  • The average score is 39 of 48
Answer Stats
Answer % Correct
Darlene!
100%
Darlene!
100%
Darlene!
100%
Darlene!
100%
Darlene!
100%
Darlene!
100%
Darlene!
100%
Darlene!
100%
I
100%
I
100%
I
100%
Oh,
100%
Oh,
100%
Oh,
100%
Oh,
100%
Oh,
100%
Oh,
100%
Oh,
100%
Oh,
100%
you
100%
you
100%
you
100%
You
100%
In
88%
In
88%
there
88%
a
75%
me
75%
see
75%
Standing
75%
your
75%
your
75%
your
75%
dress
63%
favorite
63%
give
63%
give
63%
my
63%
wear
63%
what
63%
like
50%
ring
50%
With
50%
crazy
38%
hand
38%
plan
38%
shaking
38%
sting
25%
No matching quizzes found
Score Distribution
Percent of People with Each Score
Percentile by Number Answered
Your Score History
You have not taken this quiz